000 00570nam a2200241 a 4500
001 nice12345678
003 IN_TiNIC
005 20260116013827.0
008 050524s1997 dela grp 000 0 eng
020 _a
_c250
082 0 0 _a294.5924
_bLAL
100 _aLal, Surender Nath
245 _aSrimad Bhagwat Gita
260 _aDelhi
_bDeni Book Depot
_c1997
300 _a335p
500 _aincludes index and biblioraphy
505 2 _aIndex
650 _aBhagavad Gita
700 1 _aLal, Surender Nath
902 _bSRS
942 _cBK
999 _c12699
_d12699